| 000 | 01250nam a22001577a 4500 | ||
|---|---|---|---|
| 020 | _a978-81-314-2189-5 | ||
| 082 | _a618.92 | ||
| 100 | _aDEVI, R J | ||
| 245 |
_aCHILDHOOD OBESITY _bCAUSES AND PREVENTION |
||
| 250 | _aFIRST EDITION | ||
| 260 |
_aHYDERABAD _bTHE ICFAI UNIVERSITY PRESS _c2009 |
||
| 300 | _a236 | ||
| 520 | _aThe preponderance of obesity among young children and adolescents is a major health hazard in all nations. Everyone is concerned about the problem, as overweight and obese children will turn into overweight and obese adults tomorrow and suffer from all the health problems and incur health care costs associated with obesity. A varied and nutritious diet is essential for children as they require lots of energy while they grow. Children consume food that is rich in fat and sugar. They consume more food to increase their energy levels. But they concentrate more on sedentary activities than on brisk physical activities. The unused energy is deposited as fat in their body and over a period of time leads to obesity. It is evident that food markets and the media are some of the major causes for rise in obesity since they promote and market food which is unhealthy. | ||
| 650 |
_aFOOD AND NUTRITION _zINDIA |
||
| 942 | _cBK | ||
| 999 |
_c5880 _d5880 |
||